| 000 | 00555nam a22001937a 4500 | ||
|---|---|---|---|
| 003 | KOHA_MİRAKIL | ||
| 005 | 20260325123345.0 | ||
| 008 | 260325b tu ||||| |||| 00| 0 tur d | ||
| 020 | _a9754064636 | ||
| 040 |
_aTR-AnABB _btur _cTR-AnABB |
||
| 041 | _atur | ||
| 082 |
_a322.1 _bOZA 1993 |
||
| 100 | 1 | _aOzankaya,Özer | |
| 245 | 1 | 0 |
_aTürkiye'de Laiklik/ _bAtatürk devrimlerinin temeli _cÖzer Ozankaya |
| 260 |
_aİzmir : _bCem Yayınevi , _c1993 |
||
| 300 |
_a319 sayfa: _c20 cm |
||
| 650 | 0 | 4 | _aSiyasi tarih, Türkiye |
| 942 |
_2ddc _cBK |
||
| 999 |
_c10036 _d10036 |
||
| 900 | _bCem ÖZOGLU | ||